Statistiques concernant Noms des habitants pays

Cliquez ici pour prendre le quiz!

Statistiques générales

  • Ce quiz a été pris 312 fois
  • Le résultat moyen est 8 sur 25

Statistiques - réponses

Pays
Noms des habitants
% Correct
AfghanistanAfghans
89%
Etats-UnisAmericains
80%
AngolaAngolais
75%
MonacoMonégasques
68%
ChypreChypriotes
66%
LettonieLettons
62%
YémenYéménites
51%
Burkina FasoBurkinabés
45%
LaosLaotiens
42%
GuatemalaGuatémaltèques
40%
HondurasHonduriens
27%
KirghizistanKirghizes
26%
AndorreAndorrans
25%
TadjikistanTadjiks
25%
GuyanaGuyaniens
12%
iles Marshall
Marshallais
12%
Guinée équatorialeEquatoguinéens
10%
MalawiMalawites
10%
Emirats arabes unisEmiriens
9%
Saint MarinSaint-Marinais
8%
Trinité-et-TobagoTrinidadiens
4%
Antigua-et-BarbudaAntiguayens
2%
PalaosPalaois
2%
Sao Tomé-et-PrincipeSantoméens
2%
VanuatuVanouatais
0%

Distribution des résultats

Percentile par nombre de réponses

% des personnes avec chaque résultat

Votre développement - résultats

Vous n’avez pas pris ce quiz